01184nam a2200325 i 4500001000300000003000400003005001700007008004100024015001700065020001500082020001500097040001400112041001300126080001700139080001200156100002800168245015900196246007000355260005100425300002800476504003600504521002900540655003000569650002600599650001500625710004200640700005100682700002700733856009800760bgBPK20220601141703.0010220s2001 pl a f |001 0 pol  aPB 2001/2590 a8320813093 a8320813166 aWA NcBPK1 apolheng a336.764/.768 a(075.8)1 aReilly, Frank K.eAutor10aAnaliza inwestycji i zarządzanie portfelem.n1 /cFrank K. Reilly, Keith C. Brown ; red. nauk. przekł. Alojzy Z. Nowak ; tł. Alojzy Z. Nowak [et al.].1 iTyt. oryg.:aInvestment analysis and portfolio management,f1997. aWarszawa :bPolskie Wydaw. Ekonomiczne,c2001. a664 s. :bil. ;c24 cm. aBibliogr. przy rozdz. - Indeks.8 aPodręcznik akademicki. 4aPodręczniki akademickie 4aPapiery wartościowe 4aInwestycje2 aPolskie Wydawnictwo Ekonomiczne4pbl.1 aNowak, Alojzy Zbigniewd(1956- )eTłumaczenie1 aBrown, Keith C.eAutor41uhttp://koha.tu.koszalin.pl/cgi-bin/koha/opac-detail.pl?biblionumber=45475yKatalog online BPK